Medzikultúrne vzťahy

Gespeichert in:
Bibliographische Detailangaben
1. Verfasser: Zágoršeková, Marta
Körperschaft: Ekonomická univerzita v Bratislave. Fakulta medzinárodných vzťahov
Weitere Verfasser: Škvrnda, František, Mistrík, Erich
Format: Buch
Sprache:Slowakisch
Veröffentlicht: Bratislava Vydavateľstvo EKONÓM 2011
Schlagworte:
Tags: Tag hinzufügen
Keine Tags, Fügen Sie das erste Tag hinzu!

MARC

LEADER 00000nam a2200000 4500
001 0129828
005 20240502072503.8
020 |a 978-80-225-3176-4 
041 0 |a slo 
044 |a SK 
245 1 0 |a Medzikultúrne vzťahy  |c Marta B. Zágoršeková 
264 1 |a Bratislava  |b Vydavateľstvo EKONÓM  |c 2011 
300 |a 114 s. [8,279 AH] 
610 2 0 |a civilizácia 
610 2 0 |a kultúra 
610 2 0 |a komunikácia multikultúrna 
610 2 0 |a multikulturalizmus 
610 2 0 |a politika 
610 2 0 |a diplomacia 
610 2 0 |a ekonomika regionálna 
610 2 0 |a globalizácia 
610 2 0 |a vzťahy medziľudské 
610 2 0 |a štýl životný 
610 2 0 |a zvyklosti kultúrne 
610 2 0 |a UNESCO 
100 1 |a Zágoršeková, Marta 
700 1 |a Škvrnda, František 
700 1 |a Mistrík, Erich 
710 2 |a Ekonomická univerzita v Bratislave. Fakulta medzinárodných vzťahov